Дело о представлении государю императору статьи из сербской газеты под названием: "Сербске народне новине" - о возвращении в лон...

Доступно только в Электронных читальных залах Найти на картеНа карте
RUSMARC
00003643nmc2a22002413x 450
001c2460973-c4a6-4b52-a217-685e388183f5
00520251023142718.0
100##$a20250423l18471847k l0rusy0189 ca
1010#$arus
102##$aRU
105##$ay###
1220#$ad
2001#$aДело о представлении государю императору статьи из сербской газеты под названием: "Сербске народне новине" - о возвращении в лоно православной церкви валахов венгерских
$j15 июля 1847 г.
215##$a7 л.
$d36,5х26 см
251##$cДело
300##$aНа обложке указано: "№52"
371##$aДокумент не является опубликованным и широко распространяемым
461#0$10012b5b8419-5ce4-4d16-a7a3-85720a295f1f
$12001
$aКанцелярия министра народного просвещения
$1251
$cФонд
$1852
$j735
462#0$1001562cc287-b13c-4f02-8029-f81535ba1e2e
$12001
$aКанцелярия министра народного просвещения
$1251
$cОпись
$1852
$j2
801#0$aRU
$bРГИА
$c20250423
$gRCR
801#1$aRU
$bГлавНИВЦ
$c20250423
$2rusmarc
801#2$aRU
$bПБ им. Б.Н. Ельцина
$c20251023
$gRCR
$2rusmarc
850##$aРГИА
852##$aРГИА
$eФедеральное казенное учреждение "Российский государственный исторический архив" (РГИА)
$j657
937##$hРГИА
$d12421576
$aASBIBLIO_SCAN
035##$aRusGRCC00085646
856##$uhttp://readingroom.main.prlib.ru/item.aspx?id_node=n198632611&mode=full
Формат отображения